[Event "Bundesliga 9596"]
[Site "Deutschland"]
[Date "1995.??.??"]
[Round "?.3"]
[White "Lanka, Zigurds"]
[Black "Sandor, Christian"]
[Result "1-0"]
[WhiteElo "2480"]
[BlackElo "2385"]
[PlyCount "63"]
[EventDate "1995.10.??"]
[EventType "team"]
[EventRounds "15"]
[EventCountry "GER"]
[SourceTitle "Bundesliga 9596"]
[Source "DeepChess"]
[SourceDate "2005.01.01"]
[SourceVersion "1"]
[SourceVersionDate "2005.01.01"]
[SourceQuality "1"]
[WhiteTeam "Dresdner SC 1898"]
[BlackTeam "Muenchener SC 1836 e.V."]
[WhiteTeamCountry "GER"]
[BlackTeamCountry "GER"]

1. e4 e5 2. Nf3 Nc6 3. Bb5 a6 4. Ba4 Nf6 5. O-O Nxe4 6. d4 b5 7. Bb3 d5 8. dxe5
Be6 9. Be3 Be7 10. c3 Qd7 11. Nbd2 Rd8 12. h3 O-O 13. Bc2 f5 14. exf6 Nxf6 15.
Nb3 Bd6 16. Nc5 Qe7 17. Nxe6 Qxe6 18. Re1 Qd7 19. Bg5 Bc5 20. Qd3 g6 21. Re2
Kg7 22. Qd2 Rfe8 23. Rxe8 Rxe8 24. Rd1 Ne7 25. Bxf6+ Kxf6 26. c4 c6 27. b4 Bd6
28. cxd5 Nxd5 29. Bb3 Qf5 30. Qd4+ Be5 31. Qa7 Nc7 32. Qc5 1-0

[Event "Bundesliga 9596"]
[Site "Deutschland"]
[Date "1995.??.??"]
[Round "?.4"]
[White "Ankerst, Mihael"]
[Black "Uhlmann, Wolfgang"]
[Result "1/2-1/2"]
[WhiteElo "2310"]
[BlackElo "2490"]
[PlyCount "63"]
[EventDate "1995.10.??"]
[EventType "team"]
[EventRounds "15"]
[EventCountry "GER"]
[SourceTitle "Bundesliga 9596"]
[Source "DeepChess"]
[SourceDate "2005.01.01"]
[SourceVersion "1"]
[SourceVersionDate "2005.01.01"]
[SourceQuality "1"]
[WhiteTeam "Muenchener SC 1836 e.V."]
[BlackTeam "Dresdner SC 1898"]
[WhiteTeamCountry "GER"]
[BlackTeamCountry "GER"]

1. e4 e6 2. d4 d5 3. Nc3 Bb4 4. e5 Ne7 5. a3 Bxc3+ 6. bxc3 c5 7. Qg4 Qc7 8.
Qxg7 Rg8 9. Qxh7 cxd4 10. Ne2 Nbc6 11. f4 Bd7 12. Qd3 dxc3 13. Qxc3 Nf5 14. Rb1
O-O-O 15. Rg1 d4 16. Qc5 Be8 17. g4 Rd5 18. Qc4 Ne3 19. Bxe3 dxe3 20. Qc3 Nd4
21. Qxc7+ Kxc7 22. Nxd4 Rxd4 23. Rb4 Rd2 24. h3 Bc6 25. Rg3 Rxc2 26. Rxe3 Rd8
27. Be2 Rc1+ 28. Kf2 Rd2 29. Rbb3 Rd4 30. Rb4 Rd2 31. Rbb3 Rd4 32. Rb4 1/2-1/2

[Event "Bundesliga 9596"]
[Site "Deutschland"]
[Date "1995.??.??"]
[Round "?.5"]
[White "Maiwald, Jens Uwe"]
[Black "Riedel, Wolfgang"]
[Result "1-0"]
[WhiteElo "2485"]
[BlackElo "2350"]
[PlyCount "177"]
[EventDate "1995.10.??"]
[EventType "team"]
[EventRounds "15"]
[EventCountry "GER"]
[SourceTitle "Bundesliga 9596"]
[Source "DeepChess"]
[SourceDate "2005.01.01"]
[SourceVersion "1"]
[SourceVersionDate "2005.01.01"]
[SourceQuality "1"]
[WhiteTeam "Dresdner SC 1898"]
[BlackTeam "Muenchener SC 1836 e.V."]
[WhiteTeamCountry "GER"]
[BlackTeamCountry "GER"]

1. e4 e5 2. Nf3 Nc6 3. c3 d5 4. d3 Nf6 5. Nbd2 Be7 6. b4 a6 7. Bb2 O-O 8. Be2
Re8 9. O-O Bf8 10. Re1 Bg4 11. Qc2 Bh5 12. a3 Qd7 13. g3 Rad8 14. Rad1 Qc8 15.
Qb1 dxe4 16. dxe4 Bg6 17. Nh4 Rxd2 18. Rxd2 Nxe4 19. Rc2 Ng5 20. Nxg6 hxg6 21.
Qd1 e4 22. h4 Nh7 23. Bc1 Bd6 24. Be3 f5 25. c4 Nf6 26. Rd2 Ne5 27. c5 Bf8 28.
Qb3+ Kh7 29. Red1 Nfg4 30. Bg5 Nf6 31. Kg2 b6 32. cxb6 cxb6 33. Bxf6 gxf6 34.
Rc2 Qa8 35. Rc7+ Kh8 36. Rd5 Rc8 37. Rxc8 Qxc8 38. Qe3 b5 39. Qb6 Be7 40. h5
Kg7 41. Rxe5 fxe5 42. Qxg6+ Kh8 43. Bd1 Qf8 44. Bb3 e3 45. fxe3 f4 46. Qe6 fxg3
47. Kxg3 Qg7+ 48. Kf3 e4+ 49. Qxe4 Qg5 50. Qa8+ Bd8 51. Bf7 Kg7 52. Bg6 Qf6+
53. Ke4 Qe6+ 54. Kf3 Qf6+ 55. Ke4 Qe6+ 56. Kf3 Qf6+ 57. Kg2 Qg5+ 58. Kf2 Qf6+
59. Ke2 Qb2+ 60. Kf1 Qf6+ 61. Kg1 Qg5+ 62. Kf2 Qf6+ 63. Ke2 Qb2+ 64. Kd1 Be7
65. Qd5 Qa1+ 66. Kc2 Bf6 67. Qd7+ Kh6 68. Qh7+ Kg5 69. Bd3 Qa2+ 70. Kd1 Qb3+
71. Ke2 Qa2+ 72. Kf1 Qe6 73. Qg6+ Kh4 74. Kf2 Qe5 75. h6 Qh2+ 76. Qg2 Qxg2+ 77.
Kxg2 Kg5 78. h7 Kh6 79. a4 Kg7 80. Bxb5 axb5 81. a5 Bd8 82. Kf3 Kxh7 83. Ke4
Kg6 84. Kd5 Kf7 85. Kc5 Bg5 86. Kxb5 Bxe3 87. Kc6 Ke7 88. b5 Kd8 89. Kb7 1-0

[Event "Bundesliga 9596"]
[Site "Deutschland"]
[Date "1995.??.??"]
[Round "?.6"]
[White "Geisler, Fabian"]
[Black "Borriss, Martin"]
[Result "1/2-1/2"]
[WhiteElo "2330"]
[BlackElo "2410"]
[PlyCount "125"]
[EventDate "1995.10.??"]
[EventType "team"]
[EventRounds "15"]
[EventCountry "GER"]
[SourceTitle "Bundesliga 9596"]
[Source "DeepChess"]
[SourceDate "2005.01.01"]
[SourceVersion "1"]
[SourceVersionDate "2005.01.01"]
[SourceQuality "1"]
[WhiteTeam "Muenchener SC 1836 e.V."]
[BlackTeam "Dresdner SC 1898"]
[WhiteTeamCountry "GER"]
[BlackTeamCountry "GER"]

1. e4 c5 2. Nc3 Nc6 3. g3 g6 4. Bg2 Bg7 5. d3 d6 6. Be3 e6 7. Qd2 Qa5 8. Nge2
Nd4 9. Nc1 Ne7 10. O-O O-O 11. f4 Bd7 12. Qf2 Qc7 13. Nb3 Nec6 14. Kh1 a5 15.
e5 b6 16. Bxd4 Nxd4 17. Bxa8 Nxb3 18. axb3 Rxa8 19. Rae1 Bc6+ 20. Kg1 dxe5 21.
fxe5 Bxe5 22. Rxe5 Qxe5 23. Qxf7+ Kh8 24. Qf6+ Qxf6 25. Rxf6 Re8 26. Rf7 e5 27.
Rf6 Rc8 28. Kf2 Kg7 29. Re6 Rf8+ 30. Ke3 Rf3+ 31. Ke2 Rf6 32. Rxe5 Bf3+ 33. Ke3
h5 34. Ne2 Bxe2 35. Kxe2 Kf7 36. Kd2 Rf1 37. Re2 Kf6 38. Kc3 b5 39. Re8 Kg5 40.
Re5+ Kg4 41. Rxc5 b4+ 42. Kd4 Rf2 43. Rc6 g5 44. h4 Kxg3 45. hxg5 h4 46. Ke5 h3
47. d4 Re2+ 48. Kd5 Rf2 49. Rh6 Rf5+ 50. Kc6 Rxg5 51. d5 Re5 52. d6 Re2 53. c4
bxc3 54. bxc3 Re3 55. c4 Rxb3 56. d7 Rd3 57. Kc7 h2 58. d8=Q Rxd8 59. Kxd8 a4
60. c5 a3 61. c6 a2 62. c7 a1=Q 63. c8=Q 1/2-1/2

[Event "Bundesliga 9596"]
[Site "Deutschland"]
[Date "1995.??.??"]
[Round "?.7"]
[White "Andresen, Steffen"]
[Black "Reich, Thomas"]
[Result "1-0"]
[WhiteElo "2385"]
[BlackElo "2400"]
[PlyCount "118"]
[EventDate "1995.10.??"]
[EventType "team"]
[EventRounds "15"]
[EventCountry "GER"]
[SourceTitle "Bundesliga 9596"]
[Source "DeepChess"]
[SourceDate "2005.01.01"]
[SourceVersion "1"]
[SourceVersionDate "2005.01.01"]
[SourceQuality "1"]
[WhiteTeam "Dresdner SC 1898"]
[BlackTeam "Muenchener SC 1836 e.V."]
[WhiteTeamCountry "GER"]
[BlackTeamCountry "GER"]

1. c4 Nf6 2. Nc3 g6 3. e4 d6 4. d4 Bg7 5. f3 O-O 6. Be3 b6 7. Qd2 c5 8. Nge2
Nc6 9. d5 Ne5 10. Nc1 e6 11. a4 exd5 12. cxd5 a6 13. Be2 h5 14. O-O Nh7 15. Bh6
f5 16. Bxg7 Kxg7 17. f4 Nf7 18. Nd3 Qf6 19. Nf2 Qd4 20. Qxd4+ cxd4 21. Na2 Nf6
22. Bf3 a5 23. Rfd1 fxe4 24. Nxe4 Nxe4 25. Bxe4 Nh6 26. g3 Bd7 27. Rxd4 Rac8
28. Nc3 Ng4 29. Re1 Rfe8 30. Re2 Nf6 31. Bf3 Rc5 32. Rxe8 Bxe8 33. h3 Bd7 34.
Kg2 Kf7 35. Be2 Ke7 36. Rc4 Bf5 37. b3 Bc2 38. Rxc5 dxc5 39. Bc4 Bf5 40. Kh2
Ne8 41. Nd1 Nd6 42. Ne3 Bd7 43. Bd3 Kf6 44. g4 hxg4 45. hxg4 g5 46. Kg3 Bc8 47.
Nc4 Nxc4 48. Bxc4 Bd7 49. Kf3 Be8 50. Ke4 Bg6+ 51. f5 Be8 52. d6 Bc6+ 53. Bd5
Bd7 54. Bb7 c4 55. bxc4 Bxa4 56. Kd5 Be8 57. Bc6 Bf7+ 58. Kd4 Bg8 59. Be8 Bh7
1-0

[Event "Bundesliga 9596"]
[Site "Deutschland"]
[Date "1995.??.??"]
[Round "?.8"]
[White "Lentrodt, Thomas"]
[Black "Heinatz, Thomas"]
[Result "1-0"]
[WhiteElo "2265"]
[BlackElo "2345"]
[PlyCount "81"]
[EventDate "1995.10.??"]
[EventType "team"]
[EventRounds "15"]
[EventCountry "GER"]
[SourceTitle "Bundesliga 9596"]
[Source "DeepChess"]
[SourceDate "2005.01.01"]
[SourceVersion "1"]
[SourceVersionDate "2005.01.01"]
[SourceQuality "1"]
[WhiteTeam "Muenchener SC 1836 e.V."]
[BlackTeam "Dresdner SC 1898"]
[WhiteTeamCountry "GER"]
[BlackTeamCountry "GER"]

1. Nf3 g6 2. c4 Bg7 3. g3 d6 4. Bg2 e5 5. Nc3 f5 6. d3 Nf6 7. Rb1 Nbd7 8. O-O
Nh5 9. Bd2 O-O 10. b4 Ndf6 11. Qc1 f4 12. Nd5 Ne8 13. b5 g5 14. Ba5 g4 15. Nd2
Be6 16. Ne4 f3 17. exf3 gxf3 18. Bh1 Qd7 19. Qg5 Bxd5 20. cxd5 Nf4 21. gxf4
Rxf4 22. Ng3 Qh3 23. Rfc1 Kh8 24. Rc4 Nf6 25. Rxf4 exf4 26. Bxf3 fxg3 27. hxg3
Qd7 28. Bc3 Rf8 29. Kg2 Qf7 30. Qf5 Nd7 31. Qxf7 Rxf7 32. Bxg7+ Kxg7 33. d4 Re7
34. Rb3 Nb6 35. Ra3 Nc4 36. Rxa7 b6 37. Bg4 Nb2 38. Be6 Nd1 39. Ra3 Nb2 40. Rc3
Kf6 41. Kf3 1-0

[Event "Bundesliga 9596"]
[Site "Deutschland"]
[Date "1996.??.??"]
[Round "?.3"]
[White "Keitlinghaus, Ludger"]
[Black "Uhlmann, Wolfgang"]
[Result "1-0"]
[WhiteElo "2475"]
[BlackElo "2460"]
[PlyCount "103"]
[EventDate "1995.10.??"]
[EventType "team"]
[EventRounds "15"]
[EventCountry "GER"]
[SourceTitle "Bundesliga 9596"]
[Source "DeepChess"]
[SourceDate "2005.01.01"]
[SourceVersion "1"]
[SourceVersionDate "2005.01.01"]
[SourceQuality "1"]
[WhiteTeam "PSV Turm Duisburg 1920 e.V."]
[BlackTeam "Dresdner SC 1898"]
[WhiteTeamCountry "GER"]
[BlackTeamCountry "GER"]

1. d4 Nf6 2. Nf3 g6 3. Nc3 d5 4. Bf4 Bg7 5. e3 O-O 6. Be2 c6 7. h3 Nbd7 8. O-O
Re8 9. a4 a5 10. Re1 h6 11. Bh2 Nf8 12. Nb1 Bf5 13. c3 Qb6 14. Qc1 N6d7 15.
Nbd2 c5 16. Ra3 e5 17. Nxe5 Nxe5 18. Bxe5 Bxe5 19. dxe5 Rxe5 20. c4 Rd8 21.
cxd5 Rexd5 22. Rb3 Qc7 23. Nc4 Bd7 24. Bf3 Bxa4 25. Ra3 Rd3 26. Rxa4 b5 27.
Rxa5 bxc4 28. Ra4 Nd7 29. Rxc4 Ne5 30. Rxc5 Nxf3+ 31. gxf3 Qb7 32. Kg2 Rd2 33.
Rc2 Qb4 34. Rxd2 Rxd2 35. b3 Rd5 36. f4 Qxb3 37. Qc6 Rd2 38. Qe8+ Kg7 39. Qe5+
Kg8 40. f5 Rd5 41. Qe8+ Kg7 42. e4 Rc5 43. f6+ Kxf6 44. Qd8+ Ke6 45. Rd1 Rg5+
46. Kh2 Qb4 47. f4 Ra5 48. Rd2 Ra8 49. Qd5+ Ke7 50. Qe5+ Kf8 51. Rb2 Qa5 52.
Rb8+ 1-0

[Event "Bundesliga 9596"]
[Site "Deutschland"]
[Date "1996.??.??"]
[Round "?.6"]
[White "Heinatz, Thomas"]
[Black "Pirrot, Dieter"]
[Result "1-0"]
[WhiteElo "2365"]
[BlackElo "2405"]
[PlyCount "81"]
[EventDate "1995.10.??"]
[EventType "team"]
[EventRounds "15"]
[EventCountry "GER"]
[SourceTitle "Bundesliga 9596"]
[Source "DeepChess"]
[SourceDate "2005.01.01"]
[SourceVersion "1"]
[SourceVersionDate "2005.01.01"]
[SourceQuality "1"]
[WhiteTeam "Dresdner SC 1898"]
[BlackTeam "PSV Turm Duisburg 1920 e.V."]
[WhiteTeamCountry "GER"]
[BlackTeamCountry "GER"]

1. e4 e5 2. Bc4 Nc6 3. d3 Bc5 4. Nf3 Nf6 5. O-O d6 6. c3 a6 7. b4 Ba7 8. Be3
O-O 9. Bxa7 Rxa7 10. Nbd2 Bg4 11. h3 Bh5 12. a4 Ra8 13. b5 Na5 14. Ba2 b6 15.
Re1 axb5 16. axb5 Qd7 17. Qb1 Nb7 18. d4 Rfe8 19. Qd3 Ra5 20. dxe5 Nc5 21. Qe3
dxe5 22. Bxf7+ Bxf7 23. Rxa5 Nd3 24. Ra7 Nxe1 25. Qxe1 Nh5 26. Qe3 h6 27. c4
Qd6 28. c5 bxc5 29. Ra6 Qd7 30. Rc6 c4 31. Qc5 Re7 32. Nxc4 Bxc4 33. Qxc4+ Kh7
34. Qc5 Nf4 35. Kh2 Nd3 36. Qe3 Re8 37. Nh4 Rb8 38. Qa7 Rc8 39. Nf5 Nb4 40. Rc5
Qd2 41. Rxc7 1-0

[Event "Bundesliga 9596"]
[Site "Deutschland"]
[Date "1996.??.??"]
[Round "?.7"]
[White "Kilian, Ralf"]
[Black "Wegener, Dirk"]
[Result "1/2-1/2"]
[WhiteElo "2210"]
[BlackElo "2320"]
[PlyCount "103"]
[EventDate "1995.10.??"]
[EventType "team"]
[EventRounds "15"]
[EventCountry "GER"]
[SourceTitle "Bundesliga 9596"]
[Source "DeepChess"]
[SourceDate "2005.01.01"]
[SourceVersion "1"]
[SourceVersionDate "2005.01.01"]
[SourceQuality "1"]
[WhiteTeam "PSV Turm Duisburg 1920 e.V."]
[BlackTeam "Dresdner SC 1898"]
[WhiteTeamCountry "GER"]
[BlackTeamCountry "GER"]

1. e4 e6 2. d4 d5 3. Nd2 c5 4. exd5 exd5 5. Ngf3 Nc6 6. Bb5 Bd6 7. O-O Nge7 8.
dxc5 Bxc5 9. Nb3 Bd6 10. Nbd4 O-O 11. Be3 Bg4 12. Be2 Re8 13. Qd2 a6 14. Rfe1
Qc7 15. h3 Bh5 16. Rad1 Rad8 17. Nh4 Bg6 18. Nxg6 hxg6 19. Nxc6 Nxc6 20. c3 Ne5
21. Bg5 Be7 22. Bf4 Bf6 23. Bf1 Qc6 24. Kh1 Nc4 25. Qc2 Rxe1 26. Rxe1 Re8 27.
Rxe8+ Qxe8 28. Be2 b5 29. Kh2 Be5 30. Bxe5 Qxe5+ 31. g3 d4 32. Bxc4 bxc4 33.
cxd4 Qxd4 34. Kg2 Kf8 35. Qc3 Qe4+ 36. Qf3 Qe8 37. Qd5 Qa4 38. Qd8+ Qe8 39. Qd5
Qc8 40. Qd6+ Kg8 41. Qd5 Kf8 42. h4 Ke7 43. Kf3 Qc7 44. Ke4 Qb6 45. Qd4 Qc6+
46. Ke3 Qa4 47. a3 Qb3+ 48. Kd2 Ke6 49. Qc3 Qb5 50. Qd4 f6 51. g4 Kf7 52. f4
1/2-1/2

[Event "Bundesliga 9596"]
[Site "Deutschland"]
[Date "1996.??.??"]
[Round "?.8"]
[White "Jordan, Dirk"]
[Black "Dinstuhl, Burghard"]
[Result "1-0"]
[WhiteElo "2183"]
[BlackElo "2335"]
[PlyCount "57"]
[EventDate "1995.10.??"]
[EventType "team"]
[EventRounds "15"]
[EventCountry "GER"]
[SourceTitle "Bundesliga 9596"]
[Source "DeepChess"]
[SourceDate "2005.01.01"]
[SourceVersion "1"]
[SourceVersionDate "2005.01.01"]
[SourceQuality "1"]
[WhiteTeam "Dresdner SC 1898"]
[BlackTeam "PSV Turm Duisburg 1920 e.V."]
[WhiteTeamCountry "GER"]
[BlackTeamCountry "GER"]

1. d4 Nf6 2. Bg5 d5 3. e3 c6 4. Bxf6 gxf6 5. Nf3 Bf5 6. c4 e6 7. Nc3 Bd6 8. Qb3
Qb6 9. c5 Qxb3 10. axb3 Bc7 11. b4 O-O 12. Be2 Nd7 13. b5 Rfb8 14. Ra2 a6 15.
b6 Bd8 16. O-O Be7 17. b4 Re8 18. Rfa1 Rac8 19. Nd2 Nb8 20. Nb3 Rcd8 21. Na5
Rd7 22. b5 cxb5 23. Nxb5 axb5 24. Bxb5 Red8 25. Bxd7 Nxd7 26. Nxb7 Rb8 27. Ra8
Rxa8 28. Rxa8+ Kg7 29. Na5 1-0

[Event "Bundesliga 9596"]
[Site "Deutschland"]
[Date "1995.??.??"]
[Round "?.1"]
[White "Emms, John M"]
[Black "Bologan, Viktor"]
[Result "1-0"]
[WhiteElo "2485"]
[BlackElo "2530"]
[PlyCount "99"]
[EventDate "1995.10.??"]
[EventType "team"]
[EventRounds "15"]
[EventCountry "GER"]
[SourceTitle "Bundesliga 9596"]
[Source "DeepChess"]
[SourceDate "2005.01.01"]
[SourceVersion "1"]
[SourceVersionDate "2005.01.01"]
[SourceQuality "1"]
[WhiteTeam "PSV/BSV Wuppertal 1921 e.V."]
[BlackTeam "Dresdner SC 1898"]
[WhiteTeamCountry "GER"]
[BlackTeamCountry "GER"]

1. e4 c5 2. Nf3 e6 3. c3 d5 4. exd5 exd5 5. d4 Nc6 6. Bb5 Bd6 7. O-O Nge7 8.
dxc5 Bxc5 9. Nbd2 O-O 10. Nb3 Bd6 11. Bd3 h6 12. h3 Bc7 13. Re1 Qd6 14. Be3 Qf6
15. Bc5 Rd8 16. Nbd4 Ng6 17. Nxc6 bxc6 18. Bd4 Qd6 19. b4 Bb6 20. Re3 Bxd4 21.
Nxd4 Bd7 22. Bxg6 Qxg6 23. Qd2 Re8 24. Rae1 Re4 25. Kh1 Rxe3 26. Rxe3 a5 27. a3
Qd6 28. Nb3 axb4 29. axb4 Bf5 30. Nd4 Be4 31. Re1 Bg6 32. Qe3 c5 33. bxc5 Qxc5
34. Kg1 Rc8 35. Rc1 Be4 36. Kh1 Ra8 37. Kg1 Qb6 38. Qd2 Qc5 39. Re1 Ra3 40. Rc1
Qc4 41. Qb2 Ra2 42. Qb8+ Kh7 43. Qf4 Ra6 44. Qe3 Ra3 45. Qd2 Qa6 46. Qe2 Bd3
47. Qf3 Qg6 48. Qg4 Qf6 49. Qf3 Qg5 50. Qxd3+ 1-0

[Event "Bundesliga 9596"]
[Site "Deutschland"]
[Date "1995.??.??"]
[Round "?.2"]
[White "Teske, Henrik"]
[Black "Conquest, Stuart"]
[Result "0-1"]
[WhiteElo "2500"]
[BlackElo "2455"]
[PlyCount "166"]
[EventDate "1995.10.??"]
[EventType "team"]
[EventRounds "15"]
[EventCountry "GER"]
[SourceTitle "Bundesliga 9596"]
[Source "DeepChess"]
[SourceDate "2005.01.01"]
[SourceVersion "1"]
[SourceVersionDate "2005.01.01"]
[SourceQuality "1"]
[WhiteTeam "Dresdner SC 1898"]
[BlackTeam "PSV/BSV Wuppertal 1921 e.V."]
[WhiteTeamCountry "GER"]
[BlackTeamCountry "GER"]

1. d4 Nf6 2. c4 c5 3. Nf3 cxd4 4. Nxd4 b6 5. Nc3 Bb7 6. f3 e6 7. e4 Be7 8. e5
Nh5 9. Be3 O-O 10. Bd3 d6 11. exd6 Bxd6 12. Qc2 g6 13. O-O-O Qe7 14. Be4 Bc5
15. g4 Ng7 16. Bxb7 Qxb7 17. Qe4 Qxe4 18. Nxe4 Be7 19. b3 Rc8 20. Kb2 Ne8 21.
Bf4 a6 22. Rd3 Nf6 23. Rhd1 Nxe4 24. fxe4 Bf6 25. e5 Bg7 26. R3d2 g5 27. Bxg5
Bxe5 28. Kb1 Nc6 29. Nxc6 Rxc6 30. Bh6 Re8 31. Rd7 Bxh2 32. Rf1 e5 33. g5 Bf4
34. Rfd1 e4 35. Re7 Re6 36. Rxe6 fxe6 37. Rd4 e5 38. Rxe4 Kf7 39. g6+ Kxg6 40.
Bxf4 Kf5 41. Re1 Kxf4 42. Kc2 h5 43. Rf1+ Ke4 44. Re1+ Kd4 45. Rd1+ Ke3 46. b4
e4 47. Rh1 Rh8 48. c5 bxc5 49. bxc5 Kf2 50. c6 Rh6 51. c7 Rc6+ 52. Kd1 Rd6+ 53.
Kc2 Rc6+ 54. Kd1 Rxc7 55. Rh2+ Ke3 56. Rh3+ Kf2 57. Rh2+ Ke3 58. Rh3+ Kd4 59.
Rxh5 Rc5 60. Rh2 Ra5 61. Rg2 Ra3 62. Rh2 a5 63. Rg2 a4 64. Rh2 Rg3 65. Kc2 Rc3+
66. Kd1 Rc5 67. Rh3 Rc3 68. Rh2 Kc4 69. Rh4 Kd3 70. Rh8 Rc4 71. Rd8+ Kc3 72.
Kc1 Rc7 73. Ra8 Kd3+ 74. Kd1 Rh7 75. Rd8+ Ke3 76. a3 Rh1+ 77. Kc2 Ke2 78. Rd4
e3 79. Rf4 Rf1 80. Rh4 Kf3 81. Rh3+ Kf2 82. Kc3 e2 83. Rh2+ Ke3 0-1

[Event "Bundesliga 9596"]
[Site "Deutschland"]
[Date "1995.??.??"]
[Round "?.3"]
[White "Schebler, Gerhard"]
[Black "Lanka, Zigurds"]
[Result "1-0"]
[WhiteElo "2350"]
[BlackElo "2480"]
[PlyCount "54"]
[EventDate "1995.10.??"]
[EventType "team"]
[EventRounds "15"]
[EventCountry "GER"]
[SourceTitle "Bundesliga 9596"]
[Source "DeepChess"]
[SourceDate "2005.01.01"]
[SourceVersion "1"]
[SourceVersionDate "2005.01.01"]
[SourceQuality "1"]
[WhiteTeam "PSV/BSV Wuppertal 1921 e.V."]
[BlackTeam "Dresdner SC 1898"]
[WhiteTeamCountry "GER"]
[BlackTeamCountry "GER"]

1. d4 Nf6 2. Nf3 g6 3. c4 Bg7 4. Nc3 d6 5. e4 O-O 6. Be2 e5 7. dxe5 dxe5 8.
Qxd8 Rxd8 9. Bg5 Rf8 10. Nd5 Nxd5 11. cxd5 c6 12. Bc4 b5 13. Bb3 Bb7 14. Rc1 a5
15. a3 a4 16. Ba2 Rc8 17. Be3 b4 18. axb4 a3 19. bxa3 Rxa3 20. dxc6 Nxc6 21.
Bb1 Ba6 22. Kd2 Bf8 23. Rc5 Rd8+ 24. Kc1 Nxb4 25. Rxe5 Rc8+ 26. Kd2 Rb3 27. Bg5
Nc6 1-0

[Event "Bundesliga 9596"]
[Site "Deutschland"]
[Date "1995.??.??"]
[Round "?.4"]
[White "Uhlmann, Wolfgang"]
[Black "Hausrath, Daniel"]
[Result "1/2-1/2"]
[WhiteElo "2490"]
[BlackElo "2370"]
[PlyCount "143"]
[EventDate "1995.10.??"]
[EventType "team"]
[EventRounds "15"]
[EventCountry "GER"]
[SourceTitle "Bundesliga 9596"]
[Source "DeepChess"]
[SourceDate "2005.01.01"]
[SourceVersion "1"]
[SourceVersionDate "2005.01.01"]
[SourceQuality "1"]
[WhiteTeam "Dresdner SC 1898"]
[BlackTeam "PSV/BSV Wuppertal 1921 e.V."]
[WhiteTeamCountry "GER"]
[BlackTeamCountry "GER"]

1. c4 g6 2. e4 Bg7 3. d4 d6 4. Nc3 Nf6 5. Be2 O-O 6. Bg5 c5 7. dxc5 Qa5 8. Bd2
dxc5 9. e5 Nfd7 10. f4 Nc6 11. Nf3 f6 12. e6 Ndb8 13. Na4 Qc7 14. Nxc5 b6 15.
Ne4 Bxe6 16. O-O Nd7 17. Be3 Bf7 18. Nc3 Rad8 19. Nd5 Qc8 20. Qa4 Rfe8 21. Rfe1
Nc5 22. Qb5 e6 23. Nc3 Bf8 24. Rad1 Qc7 25. Na4 Rxd1 26. Rxd1 a6 27. Qxb6 Qxb6
28. Nxb6 Rb8 29. Nd7 Nxd7 30. Rxd7 Rxb2 31. Rd2 Rxd2 32. Nxd2 Nb4 33. Ne4 Be7
34. a4 Be8 35. a5 f5 36. Nc5 Kf7 37. Nd3 Nxd3 38. Bxd3 Bb4 39. Bb6 Bc6 40. c5
Bb7 41. c6 Bc8 42. Kf2 Ke7 43. Be2 Kd6 44. Bf3 e5 45. fxe5+ Kxe5 46. Ke3 g5 47.
g3 h6 48. Kd3 Kd6 49. Kc4 Be1 50. Bc5+ Kc7 51. Kd5 Bxa5 52. Bd6+ Kd8 53. Bf8 g4
54. Be2 Bd2 55. Bd6 Be3 56. Ke5 Bb6 57. Kf6 Bc7 58. Be7+ Ke8 59. Bc5 Ba5 60.
Bc4 Bc3+ 61. Kg6 Be5 62. Be3 Ke7 63. Bd3 Kd6 64. Bxf5 Bxf5+ 65. Kxf5 Bg7 66.
Kg6 Bb2 67. Kxh6 a5 68. Kh5 a4 69. Bh6 Kxc6 70. Bf8 a3 71. Bxa3 Bxa3 72. Kxg4
1/2-1/2

[Event "Bundesliga 9596"]
[Site "Deutschland"]
[Date "1995.??.??"]
[Round "?.5"]
[White "Schiffer, Kai Uwe"]
[Black "Maiwald, Jens Uwe"]
[Result "0-1"]
[WhiteElo "2325"]
[BlackElo "2485"]
[PlyCount "62"]
[EventDate "1995.10.??"]
[EventType "team"]
[EventRounds "15"]
[EventCountry "GER"]
[SourceTitle "Bundesliga 9596"]
[Source "DeepChess"]
[SourceDate "2005.01.01"]
[SourceVersion "1"]
[SourceVersionDate "2005.01.01"]
[SourceQuality "1"]
[WhiteTeam "PSV/BSV Wuppertal 1921 e.V."]
[BlackTeam "Dresdner SC 1898"]
[WhiteTeamCountry "GER"]
[BlackTeamCountry "GER"]

1. d4 Nf6 2. c4 d6 3. Nf3 c6 4. Nc3 Nbd7 5. e4 e5 6. Be2 Be7 7. O-O O-O 8. Rb1
a6 9. Re1 b5 10. b4 Bb7 11. dxe5 dxe5 12. c5 a5 13. a3 Qc7 14. Bb2 Rfe8 15. Bd3
Nf8 16. Bc2 Ng6 17. Bb3 h6 18. Qc2 Bc8 19. Nd5 cxd5 20. exd5 a4 21. Ba2 e4 22.
Nd4 Qe5 23. Nxb5 Qh5 24. d6 Nh4 25. Rxe4 Nxe4 26. Qxe4 Bf5 27. Qd5 Bf8 28. Rc1
Rad8 29. Nd4 Qg6 30. Nxf5 Qxf5 31. g3 Re2 0-1

[Event "Bundesliga 9596"]
[Site "Deutschland"]
[Date "1995.??.??"]
[Round "?.6"]
[White "Borriss, Martin"]
[Black "Dresen, Ulrich"]
[Result "1/2-1/2"]
[WhiteElo "2410"]
[BlackElo "2260"]
[PlyCount "76"]
[EventDate "1995.10.??"]
[EventType "team"]
[EventRounds "15"]
[EventCountry "GER"]
[SourceTitle "Bundesliga 9596"]
[Source "DeepChess"]
[SourceDate "2005.01.01"]
[SourceVersion "1"]
[SourceVersionDate "2005.01.01"]
[SourceQuality "1"]
[WhiteTeam "Dresdner SC 1898"]
[BlackTeam "PSV/BSV Wuppertal 1921 e.V."]
[WhiteTeamCountry "GER"]
[BlackTeamCountry "GER"]

1. e4 d5 2. exd5 Qxd5 3. Nc3 Qa5 4. d4 Nf6 5. Bc4 c6 6. Bd2 Bf5 7. Nd5 Qd8 8.
Nxf6+ gxf6 9. Ne2 e6 10. Be3 Nd7 11. O-O h5 12. Nf4 h4 13. Re1 Nb6 14. Bd3 Bxd3
15. Qxd3 Qc7 16. h3 O-O-O 17. Qe4 Bh6 18. Nd3 Rdg8 19. b3 Nd5 20. Bxh6 Rxh6 21.
c4 f5 22. Qe5 Nf6 23. Nf4 Nh5 24. Nxh5 Rxh5 25. Qxc7+ Kxc7 26. f3 Rhg5 27. Re2
Rg3 28. Kf1 Rd8 29. Rd1 Rd7 30. Kf2 Rg8 31. Ke3 e5 32. Rdd2 f6 33. dxe5 fxe5
34. Rxd7+ Kxd7 35. Kf2 Kd6 36. Rd2+ Ke7 37. Re2 Ke6 38. Rd2 Ke7 1/2-1/2

[Event "Bundesliga 9596"]
[Site "Deutschland"]
[Date "1995.??.??"]
[Round "?.7"]
[White "Kern, Guido"]
[Black "Goldberg, Alexander"]
[Result "1-0"]
[WhiteElo "2365"]
[BlackElo "2400"]
[PlyCount "35"]
[EventDate "1995.10.??"]
[EventType "team"]
[EventRounds "15"]
[EventCountry "GER"]
[SourceTitle "Bundesliga 9596"]
[Source "DeepChess"]
[SourceDate "2005.01.01"]
[SourceVersion "1"]
[SourceVersionDate "2005.01.01"]
[SourceQuality "1"]
[WhiteTeam "PSV/BSV Wuppertal 1921 e.V."]
[BlackTeam "Dresdner SC 1898"]
[WhiteTeamCountry "GER"]
[BlackTeamCountry "GER"]

1. Nf3 Nf6 2. g3 d5 3. Bg2 c6 4. O-O Bf5 5. d3 h6 6. c4 e6 7. Be3 Be7 8. Qb3
Qc7 9. Nc3 Nbd7 10. cxd5 Nxd5 11. Nxd5 exd5 12. Rac1 Nb6 13. Nd4 Be6 14. f4 Qd6
15. Bf2 Bf6 16. a4 O-O 17. a5 Nd7 18. f5 1-0